Proceedings of 4th international conference on hydrology and watershed management (ICHWAM-2014) : (Record no. 93184)

MARC details
000 -LEADER
fixed length control field 00957nam a22002177a 4500
005 - DATE AND TIME OF LATEST TRANSACTION
control field 20150608122858.0
010 ## - LCCN (DPL NO)
LC control number ENG-112795-796
020 ## - INTERNATIONAL STANDARD BOOK NUMBER
International Standard Book Number 9788184249521 (set of 2 vols.)
Terms of availability 2700.00 (set price)
035 ## - SYSTEM CONTROL NUMBER
System control number EN-96327-328
037 ## - SOURCE OF ACQUISITION
Source of stock number/acquisition DBAD/PUB
082 ## - DEWEY DECIMAL CLASSIFICATION NUMBER
Classification number 551.480954
245 ## - TITLE STATEMENT
Title Proceedings of 4th international conference on hydrology and watershed management (ICHWAM-2014) :
Statement of responsibility, etc edited by K.Ramamohan Reddy, B.Venkateswara Rao [and] C.Sarala
Remainder of title with a focal theme on ecosystem resilience - rural and urban water requirements (29th october - 1st november,2014) /
260 ## - PUBLICATION, DISTRIBUTION, ETC. (IMPRINT)
Place of publication, distribution, etc New Delhi
Name of publisher, distributor, etc Allied Publishers
Date of publication, distribution, etc 2014
270 ## - ADDRESS
Address A-104 Mayapuri Phase-II,
City New Delhi
Postal code 110064
300 ## - PHYSICAL DESCRIPTION
Extent 2V.(xix,680p.; xviii,681-1265p.)
Dimensions 26cm(Hb)
500 ## - GENERAL NOTE
General note Includes bibliographical references and index
700 ## - ADDED ENTRY--PERSONAL NAME
Personal name Reddy, K.Ramamohan
700 ## - ADDED ENTRY--PERSONAL NAME
Personal name Rao, B.Venkateswara
700 ## - ADDED ENTRY--PERSONAL NAME
Personal name Sarala, C.
942 ## - ADDED ENTRY ELEMENTS (KOHA)
Source of classification or shelving scheme Dewey Decimal Classification
Item type English Books
Call number suffix PRO
Classification part 551.480954
Holdings
Withdrawn status Lost status Materials specified (bound volume or other part) Not for loan Collection code Home library Current library Date acquired Source of acquisition Cost, normal purchase price Full call number Barcode Copy number Cost, replacement price Koha item type
    v.1 Not For Loan Non-fiction D.B.Act.Division D.B.Act.Division 27/04/2015 DBAD/PUB 2700.00 551.480954 PRO EN-96327 1 2700.00 English Books
    v.2 Not For Loan Non-fiction D.B.Act.Division D.B.Act.Division 27/04/2015 DBAD/PUB 2700.00 551.480954 PRO EN-96328 1 2700.00 English Books

© Delhi Public Library
Hit Counter
free hit counter